banner-ar

السياسة الخارجية للامبراطورية البيزنطية فى عهد الامبراطور قسطنطين الخامس : (Record no. 66864)

MARC details
000 -الفاتح
حقل البيانات ثابتة الطول 01030nam a2200229 4500
005 - وقت وتاريخ اخر تعامل مع التسجيلة
رقم الضبط 20240530110943.0
008 - عناصر البيانات ثابتة الطول - معلومات عامة
حقل البيانات ثابتة الطول 221114s2021 ua b g b 000 0 ara d
017 ## - رقم الايداع القانونى
رقم الايداع القانونى 2021/5655
المصدر ( الهيئة المختصة) مصر. دار الكتب
040 ## - مصدر الفهرسة
وكالة الفهرسة الأصلية EG-CaGPL
وكالة النسخ EG-CaGPL
082 04 - رقم تصنيف ديوى العشرى
رقم الطبعة 21
رقم التصنيف 949.502
رقم المادة هـ س
100 ## - المدخل الرئيسى - إسم شخصى
الإسم الشخصى هبة جبر عطية محمد
245 12 - بيان العنوان
العنوان السياسة الخارجية للامبراطورية البيزنطية فى عهد الامبراطور قسطنطين الخامس :
بقية العنوان 741 - 775م / 124 - 158 هـ /
بيان المسئوليه,etc هبة جبر عطية محمد
250 ## - بيان الطبعة
بيان الطبعة ط.1
260 ## - PUBLICATION, DISTRIBUTION, ETC. (IMPRINT)
تاريخ النشر أو التوزيع 2021.
300 ## - الوصف المادى
التعداد 287 ص. :
تفاصيل ماديه اخرى للوعاء خرائط ؛
أبعاد الوعاء 24 سم.
504 ## - تبصرة ببليوجرافية
تبصرة ببليوجرافية,الخ يشتمل على ارجاعات ببليوجرافية
650 ## - المدخل الاضافى بالموضوع-مصطلح موضوعى
مصدر الرأس أو المصطلح qrmak
651 07 - المدخل الاضافى بالموضوع - اسم جغرافى
مصدر الرأس أو المصطلح qrmak
الاسم الجغرافي الامبراطورية البيزانطية
651 07 - المدخل الاضافى بالموضوع - اسم جغرافى
مصدر الرأس أو المصطلح qrmak
الاسم الجغرافي الامبراطورية البيزانطية
التقسيم الفرعي العام الساسية الخارجية
942 ## - عناصر المدخل الإضافي( كوها)
مصدر التصنيف او مخطط الترفيف Dewey Decimal Classification
Koha [default] item type كتاب
260 ## - PUBLICATION, DISTRIBUTION, ETC. (IMPRINT)
-- القاهرة :
-- المكتب العربى للمعارف،
Holdings
حالة التراجع حالة الفقد حالة تلف ليس للاعارة المكان المؤقت الموقع الحالى موقع الترفيف تاريخ الاكتساب اجمالي اﻻعارات رقم الطلب الباركود تاريخ اخر مشاهدة تاريخ تفعيل السعر نوع وعاء كوها
        مكتبة القاهرة الكبرى مكتبة القاهرة الكبرى ق الرئيسية_التاريخ والجغرافيا_ك عربى 11/14/2022   949.502 هـ س 168833 11/14/2022 11/14/2022 كتاب

Powered By

EGPV